Расчет избирательных RC-усилителей: учебое пособие

Detalhes bibliográficos
Autor principal: Емельянов Э. Г. Эдвард Гжегош
Autor Corporativo: Томский политехнический институт
Outros Autores: Цимбалист Э. И. Эдвард Ильич (редактор)
Idioma:russo
Publicado em: Томск, Изд-во ТПИ, 1974
Assuntos:
Formato: MixedMaterials Livro
KOHA link:https://koha.lib.tpu.ru/cgi-bin/koha/opac-detail.pl?biblionumber=54134

MARC

LEADER 00000nam0a2200000 4500
001 54134
005 20260421123416.0
035 |a (RuTPU)RU\TPU\book\56746 
090 |a 54134 
100 |a 20030630d1974 m y0rusy50 ca 
101 0 |a rus 
102 |a RU 
105 |a a j 001zy 
200 1 |a Расчет избирательных RC-усилителей  |e учебое пособие  |f Э. Г. Емельянов  |g Томский политехнический институт; под ред. Э. И. Цимбалист 
210 |a Томск  |c Изд-во ТПИ  |d 1974 
215 |a 46 с.  |c ил. 
320 |a Библиогр.: с. 44-45 
610 1 |a RC-усилители 
610 1 |a расчеты 
610 1 |a RC-цепи 
610 1 |a проектирование 
610 1 |a учебные пособия 
675 |a 621.375(075.8)  |v 3 
700 1 |a Емельянов  |b Э. Г.  |g Эдвард Гжегош 
702 1 |a Цимбалист  |b Э. И.  |c специалист в области контрольно-измерительной техники  |c доцент Томского политехнического университета, кандидат технических наук  |f 1938-  |g Эдвард Ильич  |4 340  |9 14748 
712 0 2 |a Томский политехнический институт  |3 (RuTPU)RU\TPU\col\1123 
801 1 |a RU  |b 63413507  |c 20030630  |g PSBO 
801 2 |a RU  |b 63413507  |c 20210906  |g PSBO 
942 |c BK